Govt. of
Madhya Pradesh

Falklands Armoury (Record no. 40109)

MARC details
000 -LEADER
fixed length control field 004540000a22001690004500
003 - CONTROL NUMBER IDENTIFIER
control field MACL
005 - DATE AND TIME OF LATEST TRANSACTION
control field 20151222140858.0
008 - FIXED-LENGTH DATA ELEMENTS--GENERAL INFORMATION
fixed length control field 151222b xxu||||| |||| 00| 0 eng d
040 ## - CATALOGING SOURCE
Original cataloging agency MACL
Transcribing agency MACL
041 ## - LANGUAGE CODE
Language code of text/sound track or separate title English
082 ## - DEWEY DECIMAL CLASSIFICATION NUMBER
Classification number 997.110/24
100 ## - MAIN ENTRY--PERSONAL NAME
Personal name Marshall Cavendish Corporation
9 (RLIN) 21980
245 ## - TITLE STATEMENT
Title Falklands Armoury
260 ## - PUBLICATION, DISTRIBUTION, ETC. (IMPRINT)
Name of publisher, distributor, etc. Marshall Cavendish Corporation
Date of publication, distribution, etc. 1994
650 ## - SUBJECT ADDED ENTRY--TOPICAL TERM
Topical term or geographic name as entry element Atlantic Ocean Islands
9 (RLIN) 21981
942 ## - ADDED ENTRY ELEMENTS (KOHA)
Koha item type Books
Call number prefix 997.11024
Source of classification or shelving scheme
Holdings
Withdrawn status Lost status Source of classification or shelving scheme Damaged status Not for loan Home library Current library Date acquired Total Checkouts Full call number Barcode Date last seen Uniform Resource Identifier Price effective from Koha item type
          MACL MACL 15/04/2015   997.11024 RB0003766 29/04/2015 40354 15/04/2015 Books